| 000 | 00429nam a2200181Ia 4500 | ||
|---|---|---|---|
| 001 | 4229 | ||
| 005 | 20260306145740.0 | ||
| 008 | 260306t2006||||xx |||||||||||||| ||spa|| | ||
| 041 | _aESP | ||
| 082 |
_a320.011 _bS58 |
||
| 100 |
_aSitton, John F. _eAUT |
||
| 245 | 0 | _aHabermas y la sociedad contemporánea | |
| 260 | _c2006 | ||
| 300 |
_a333 páginas : _c17 cm. |
||
| 650 | _aGEN | ||
| 654 | _aCDE | ||
| 942 |
_cLIB _dJUS _fJUS _2ddc _n |
||
| 999 |
_c4229 _d4229 |
||